| 000 | 00483cam a2200193ua 4500 | ||
|---|---|---|---|
| 003 | OSt | ||
| 008 | 250619b |||||||| |||| 00| 0 eng d | ||
| 020 | _a9788131806449 | ||
| 082 |
_a624.18341 _bPUN/RE |
||
| 100 | _aPunmia,B.C. | ||
| 100 | _aJain, Arun kumar | ||
| 100 | _aJain, Ashok Kumar | ||
| 245 | _aReinforced concrete structures, Vol 1 | ||
| 250 | _a5 / 7 | ||
| 260 |
_aNew Delhi : _bLaxmi Publications , _c2012 |
||
| 300 | _a1144 ; ./ 1140 | ||
| 700 | 1 | _a . | |
| 942 | _cBK | ||
| 999 |
_c82 _d82 |
||